Evénements du 30 novembre - Statistiques

Statistiques générales
  • Ce quiz a été pris 52 fois
  • Le résultat moyen est 6 sur 15
Statistiques - réponses
Hint Réponse % Correct
Sortie de l'album Thriller de Michael Jackson 1982
84%
Naissance de Winston Churchill 1874
78%
Début de la conférence de Paris sur le climat, Cop 21 2015
78%
Sortie de l'album The Wall des Pink Floyd 1979
58%
Mort de George H. W. Bush 2018
56%
Naissance de l'écrivain Mark Twain 1835
47%
Mort d'Oscar Wilde 1900
36%
Naissance de Laurent Jalabert 1968
27%
Le Crystal palace de Londres est détruit par un incendie 1936
24%
Le Dahomey devient le Bénin 1975
22%
Naissance du peintre William Bouguereau 1825
20%
Mort d'Armande Béjart, comédienne 1700
18%
Indépendance de la Barbade 1966
18%
Naissance de Jonathan Swift, auteur des Voyages de Gulliver 1667
13%
Mort du pape Pie VII 1830
11%
Aucun quiz correspondant
Distribution des résultats
% des personnes avec chaque résultat
Percentile par nombre de réponses
Votre historique - résultats
Vous n’avez pas pris ce quiz